| 000 | 07212namaa22004451i 4500 | ||
|---|---|---|---|
| 003 | EG-GICUC | ||
| 005 | 20260502222936.0 | ||
| 008 | 260502s2025 ua a|||frm||| 000 0 eng d | ||
| 040 |
_aEG-GICUC _beng _cEG-GICUC _dEG-GICUC _erda |
||
| 041 | 0 |
_aeng _beng _bara |
|
| 049 | _aDeposit | ||
| 082 | 0 | 4 | _a574.192 |
| 092 |
_a574.192 _221 |
||
| 097 | _aM.Sc | ||
| 099 | _aCai01.08.01.M.Sc.2025.Ma.S | ||
| 100 | 0 |
_aMariam Khaled Mohamed, _epreparation. |
|
| 245 | 1 | 0 |
_aStudy of the possible modulatory effect of fluvoxamine in experimental rat model of schizophrenia / _cby Mariam Khaled Mohamed ; Supervised Prof. Dr. Noha Ahmed El-Boghdady, Dr. Kareem Mahmoud Ibrahim, Prof. Dr. Weam Wadie Ibrahim. |
| 246 | 1 | 5 | _aدراسة التأثير التعديلي المحتمل للفلوفوكسامين في نموذج تجريبي للفصام في الجرذان |
| 264 | 0 | _c2025. | |
| 300 |
_a38+40 pages : _billustrations ; _c25 cm. + _eCD. |
||
| 336 |
_atext _2rda content |
||
| 337 |
_aUnmediated _2rdamedia |
||
| 338 |
_avolume _2rdacarrier |
||
| 502 | _aThesis (M.Sc)-Cairo University, 2025. | ||
| 504 | _aBibliography: pages 24-38. | ||
| 520 | 3 | _aSchizophrenia is a severe psychiatric disorder marked by significant cognitive, perceptual, and social deficits, the neurobiological basis of which remains incompletely elucidated. Increasing evidence implicates disruptions in protein homeostasis, including misfolding and aggregation of key neuronal proteins, as contributing factors to its pathogenesis. While proteinopathies have been extensively studied in neurodegenerative diseases, their role in schizophrenia has only recently gained attention. Central to these processes is endoplasmic reticulum (ER) stress and the activation of the unfolded protein response, which regulate protein folding and cellular quality control. Dysregulation of ER stress pathways, alongside impaired chaperone protein function and mitochondrial dysfunction, can lead to accumulation of misfolded proteins and neuronal dysfunction. Proteins such as DISC1, CRMP1, NOS1AP, and others have been identified with altered expression and aggregation patterns in schizophrenia, linking protein abnormalities to disease pathology. Additionally, mounting evidence suggests that chronic ER stress can activate microglia, the brain’s immune cells, triggering the release of proinflammatory cytokines and promoting neuroinflammation. Sigma-1 receptor, a unique ER chaperone protein involved in modulating ER stress and calcium signaling, has emerged as a critical regulator of neuronal proteostasis and survival. Agonists of the sigma-1 receptor show promising therapeutic potential by alleviating ER stress, enhancing neuroprotection, halting inflammation, and restoring cellular homeostasis in preclinical models of schizophrenia and other brain disorders. In this review, we will discuss these interconnected molecular mechanisms, highlighting novel therapeutic pathways focused on proteostasis restoration and sigma-1 receptor modulation, which offer a promising avenue for future interventions in schizophrenia. | |
| 520 | 3 | _aيُعَدّ إجهاد الشبكة الإندوبلازميةوتراكم البروتينات غير المطوية من العوامل المحورية المعترف بها في تطوّر الاضطرابات النفسية. هدفت هذه الدراسة إلى تقييم التأثير العلاجي المحتمل لدواء فلوفوكسامين، بوصفه ناهضًا قويًا لمستقبل سيغما-۱، في التخفيف من اختلال طيّ البروتينات وإجهاد الشبكة الإندوبلازمية اللاحق في نموذج الفصام المُحَفَّز بالكتامين. كما استُخدم NE100 هيدروكلوريد، وهو حاجب لمستقبل سيغما-۱، لاستقصاء دور هذا المستقبل في التأثيرات المتواسطةبفلوفوكسامين.تم إحداث نموذج الفصام في الجرذان عن طريق الإعطاء داخل الغشاء البريتوني للبطن للكتامين بجرعة ٣٠ملغم/كغم/يوم لمدة خمسة أيام متتالية. بعد ذلك، عولجت الجرذان بفلوفوكسامين بجرعة ٣٠ملغم/كغم/يوم عن طريق الفم، مع أو بدونإن إي-۱٠٠بجرعة ۱ملغم/كغم/يوم داخل الغشاء البريتونيللبطن، لمدة أربعة عشر يومًا.أظهر فلوفوكسامين تحسنًا في قدرات التعلم والمرونة المعرفية والوظائف الاجتماعية لدى الجرذان المعالجة بالكتامين، كما تبيّن من خلال اختبار متاهة الماء لموريس واختبار التفاعل الاجتماعي ثلاثي الحجرات. كما خفّف من التثبيط المُحدَث بالكتامين لمسار nNOS/PSD-95/NMDAR، مما أدى إلى تعزيز وظيفة العصبونات GABAergicالمحتوية على البارفالبومين، وهو ما انعكس بزيادة مستويات البارفالبومين وGAD67في القشرة الجبهية الأمامية.كذلك، قلّل فلوفوكسامين من إنتاج مؤشرات استجابة البروتين غير المطويفي القشرة الجبهية الأمامية، وهيIRE1 وPERK وATF6، مما يبرز قدرته على التخفيف من إجهاد الشبكة الإندوبلازمية. إضافةً إلى ذلك، أظهر تأثيرات مضادة للاستماتة ومضادة للالتهاب، كما يتضح من خفض مستويات Iba-1 وعامل نخر الورم-ألفاوBaxوكاسباز-۱٢، مقابل رفع مستوىBcl-2كما خفّف من التغيرات النسيجية المرضية في عصبونات القشرة الجبهية الأمامية.ومن الجدير بالذكر أن إعطاء إن إي-۱٠٠قلّل من التأثيرات الإيجابية لفلوفوكسامين، مما يشير إلى دور مستقبل سيغما-۱ في التوسّط بالتأثيرات المضادة للذهان الملحوظة. وبناءً عليه، يمكن اعتبار مسارات الإشارة المتواسطة بمستقبل سيغما-۱ أهدافًا علاجية واعدة للوقاية من تطور الفصام أو إبطائه. | |
| 530 | _aIssues also as CD. | ||
| 546 | _aText in English and abstract in Arabic & English. | ||
| 650 | 0 | _aBiochemistry | |
| 650 | 0 | _aالكيمياء الحيوية | |
| 653 | 1 |
_aSchizophrenia _aEndoplasmic reticulum stress _aSigma-1 receptor _aProtein misfolding _aUnfolded protein response |
|
| 700 | 0 |
_aNoha Ahmed El-Boghdady _ethesis advisor. |
|
| 700 | 0 |
_aKareem Mahmoud Ibrahim _ethesis advisor. |
|
| 700 | 0 |
_aWeam Wadie Ibrahim _ethesis advisor. |
|
| 900 |
_b01-01-2025 _cNoha Ahmed El-Boghdady _cKareem Mahmoud Ibrahim _cWeam Wadie Ibrahim _UCairo University _FFaculty of Pharmacy _DDepartment of Biochemistry |
||
| 905 | _aShimaa | ||
| 942 |
_2ddc _cTH _e21 _n0 |
||
| 999 | _c179899 | ||